00397nam a22001217a 4500008004100000020001500041050002200056100002100078245011400099260002900213300001500242700001800257230124b |||||||| |||| 00| 0 eng d a3319023892 aQA76.9b.G74 2013 aGregory, Mark A. aSecurity and the networked society/cMark A. & David Glance & Foreword by Margaret Gardner AO and Robyn Owens aNew YorkbSpringerc2013 axvi, 297p. aGlance, David